[Event "IECC Team FBIM email"]
[Site "UECC email"]
[Date "2000.??.??"]
[Round "7.4"]
[White "Ruimonte, Felipe"]
[Black "Ivanov, Hristo V"]
[Result "0-1"]
[WhiteElo "1400"]
[BlackElo "2163"]
[PlyCount "64"]
[EventDate "2000.03.??"]
[EventType "team (corr)"]
[EventRounds "10"]
[SourceTitle "Corr 2002"]
[Source "ChessBase"]
[SourceDate "2002.05.23"]
[SourceVersion "1"]
[SourceVersionDate "2002.05.23"]
[SourceQuality "1"]

1. e4 c5 2. Nf3 Nc6 3. d4 cxd4 4. Nxd4 Nf6 5. Nc3 e5 6. Nb3 Bb4 7. Bg5 h6 8. Bxf6 Bxc3+ 9. bxc3 Qxf6 10. Bc4 0-0 11. Nc5 d6 12. Nd3 Be6 13. Bb3 Rac8 14. 0-0 Na5 15. Qd2 Nc4 16. Qc1 Qg6 17. Re1 Bh3 18. g3 Qh5 19. Bxc4 Qf3 20. Nf4 exf4 21. Bf1 fxg3 22. hxg3 Bxf1 23. Rxf1 Rxc3 24. Re1 Rfc8 25. Qd1 Qf6 26. Re2 b6 27. Rb1 Ra3 28. Rd2 Rxa2 29. Rxd6 Qe7 30. Rxh6 Qxe4 31. Rh4 Qxc2 32. Qf1 g5 0-1

[Event "IECC Team FBIM email"]
[Site "UECC email"]
[Date "2000.??.??"]
[Round "10.4"]
[White "Schulz, Michael"]
[Black "Ruimonte, Felipe"]
[Result "1-0"]
[WhiteElo "2412"]
[BlackElo "1400"]
[PlyCount "31"]
[EventDate "2000.03.??"]
[EventType "team (corr)"]
[EventRounds "10"]
[SourceTitle "Corr 2002"]
[Source "ChessBase"]
[SourceDate "2002.05.23"]
[SourceVersion "1"]
[SourceVersionDate "2002.05.23"]
[SourceQuality "1"]

1. e4 c5 2. Nc3 d6 3. f4 Nc6 4. Nf3 Bg4 5. Bc4 g6 6. Bxf7+ Kxf7 7. Ng5+ Ke8 8. Qxg4 Nf6 9. Qd1 Qd7 10. 0-0 Nd4 11. e5 dxe5 12. fxe5 Nd5 13. Nce4 Qc6 14. c3 Nf5 15. g4 Ng7 16. Qf3 1-0

[Event "IECC Team FBIM email"]
[Site "UECC email"]
[Date "2000.??.??"]
[Round "4.4"]
[White "Trani, Francesco"]
[Black "Ruimonte, Felipe"]
[Result "1-0"]
[WhiteElo "2253"]
[BlackElo "1400"]
[PlyCount "49"]
[EventDate "2000.03.??"]
[EventType "team (corr)"]
[EventRounds "10"]
[SourceTitle "Corr 2002"]
[Source "ChessBase"]
[SourceDate "2002.05.23"]
[SourceVersion "1"]
[SourceVersionDate "2002.05.23"]
[SourceQuality "1"]

1. c4 e5 2. Nc3 Nf6 3. Nf3 Bb4 4. g3 0-0 5. Bg2 Bxc3 6. bxc3 d6 7. 0-0 Be6 8. Ng5 Nc6 9. Nxe6 fxe6 10. Rb1 Rb8 11. Qa4 Qd7 12. Rxb7 Rxb7 13. Bxc6 Qc8 14. Bxb7 Qxb7 15. c5 dxc5 16. d3 c6 17. Qc4 Qe7 18. Ba3 Nd7 19. Rb1 Rb8 20. Rxb8+ Nxb8 21. Bxc5 Qd7 22. Qa4 a6 23. Qb3 Qe8 24. Qb7 e4 25. dxe4 1-0